Eternity - Alex Warren - Statistics

General Stats
  • This quiz has been taken 298 times
  • The average score is 225 of 273
Answer Stats
Answer % Correct
I
100%
a
99%
an
98%
eternity
98%
Hear
98%
you
98%
be
96%
me
96%
the
96%
to
96%
had
95%
here
95%
feels
94%
know
94%
like
94%
since
94%
with
94%
don't
93%
in
93%
it
93%
what
92%
learn
91%
paradise
91%
someone
90%
have
86%
sacrifice
86%
on
85%
wouldn't
85%
alone
83%
go
83%
this
81%
can't
80%
chase
80%
light
80%
long
80%
walk
80%
world
80%
as
79%
somewhere
79%
how
78%
been
77%
but
77%
clock
75%
of
75%
why'd
74%
oh
72%
wall
72%
and
71%
has
71%
ticking
69%
is
65%
that
64%
every
63%
cry
62%
it's
62%
night
62%
waterfall
62%
losing
60%
tears
60%
drop
56%
track
56%
endless
55%
sky
55%
hell
54%
sleep
53%
call
52%
goodbye
52%
home
52%
life
52%
side
52%
starless
52%
other
51%
only
50%
break
49%
another
48%
could've
45%
breath
44%
glimpse
41%
riptide
41%
wilderness
40%
back
38%
was
38%
way
36%
never
35%
dream
30%
cut
29%
salt
29%
rubbing
27%
up
26%
waking
25%
falling
21%
No matching quizzes found
Score Distribution
Percent of People with Each Score
Percentile by Number Answered
Your Score History
You have not taken this quiz